|
|
|
|
| LEADER |
01976nam a2200301 i 4500 |
| 001 |
GR-MES14444 |
| 003 |
GR-PaULI |
| 005 |
20231020094647.0 |
| 008 |
080516s2006 gr o f i 000 0 gre d |
| 952 |
|
|
|0 0
|1 0
|2 ddc
|4 0
|6 026_549000000000000_5_ΓΑΚ
|7 0
|9 272482
|a MSLG
|b MSLG
|c BSC
|d 2021-01-17
|e 24
|f 0
|g 0.00
|l 0
|o 026.549 5 ΓΑΚ
|p 2420000022567
|r 2021-01-17 00:00:00
|t 1
|w 2021-01-17
|y BK15
|x 20080516 0 ΤΣΑΝΤΑΡΛΙΩΤΗ 1
|x GrPaTEI
|
| 952 |
|
|
|0 0
|1 0
|2 ddc
|3 τ. 7
|4 0
|6 027_094000000000000_951_8_ΕΥΡ
|7 0
|9 362313
|a LISA
|b LISA
|c BSC
|d 2022-07-07
|i 8254
|l 0
|o 027.094 951 8 ΕΥΡ
|p 025000278821
|r 2022-07-07 00:00:00
|t 2
|v 2022.00
|w 2022-07-07
|y BK15
|
| 999 |
|
|
|c 157590
|d 157590
|
| 020 |
|
|
|a 9608545242
|
| 040 |
|
|
|a GrPaTEI
|b gre
|c GR-PaULI
|d GR-AiPI
|e AACR2
|
| 082 |
0 |
0 |
|a 026.549 5
|2 23
|
| 082 |
0 |
4 |
|a 027.094 951 8
|2 23
|
| 245 |
1 |
0 |
|a Ευρετήριον βιβλίου μεταγραφών του δήμου Ναυπακτίδος :
|b τόμος έβδομος, Ζ /
|c επιμέλεια: Μαρία Μπακαδήμα, Σωτηρία Τσατσά.
|
| 260 |
|
|
|a Μεσολόγγι :
|b Γενικά Αρχεία του Κράτους, Αρχεία Νομού Αιτωλ/νίας,
|c 2006.
|
| 300 |
|
|
|a τ. <7> :
|b φωτ. ;
|c 24 εκ.
|
| 490 |
1 |
|
|a Γενικά Αρχεία του Κράτους. Αρχεία Νομού Αιτωλοακαρνανίας ;
|v 5
|
| 505 |
|
|
|a τ. 7. - 207 σ. - 2006.
|
| 650 |
|
4 |
|a Αρχεία
|z Ελλάδα
|z Αιτωλοακαρνανία (Νομός)
|9 192929
|v Κατάλογοι.
|
| 650 |
|
4 |
|a Αρχεία
|z Ελλάδα
|z Αιτωλοακαρνανία (Νομός)
|z Ναύπακτος.
|9 192931
|
| 700 |
1 |
|
|a Μπακαδήμα-Ξουργιά, Μαρία
|e επιμελήτρια.
|9 50006
|
| 700 |
1 |
|
|a Τσατσά, Σωτηρία Ε.
|e επιμελήτρια.
|9 50009
|
| 830 |
|
0 |
|a Γενικά Αρχεία του Κράτους. Αρχεία Νομού Αιτωλοακαρνανίας
|v 5
|9 192928
|
| 942 |
|
|
|2 ddc
|c BK15
|
| 998 |
|
|
|c ΜΙΧΟΣΤΑΥΡΟΥ
|d 2022-07
|